|
|
|
|
| LEADER |
01195nam a2200325 a 4500 |
| 001 |
16585635 |
| 008 |
101220s2011 nyu 001 0 eng |
| 010 |
|
|
|a 2010049099
|
| 020 |
|
|
|a 9780073524221
|
| 040 |
|
|
|a DLC
|c DLC
|d BD-DhAAL
|
| 042 |
|
|
|a pcc
|
| 050 |
0 |
0 |
|a QK47
|b .L48 2011
|
| 082 |
0 |
0 |
|a 580
|2 22
|
| 100 |
1 |
|
|a Levetin, Estelle.
|
| 245 |
1 |
0 |
|a Plants & society /
|c Estelle Levetin, Karen McMahon.
|
| 246 |
3 |
|
|a Plants and society
|
| 250 |
|
|
|a 6th ed.
|
| 260 |
|
|
|a New York :
|b McGraw-Hill,
|c 2011.
|
| 300 |
|
|
|a xvii, 526 p. :
|b col. ill., maps ;
|c 28 cm.
|
| 500 |
|
|
|a Includes index.
|
| 541 |
|
|
|e 00022491
|
| 650 |
|
0 |
|a Botany.
|
| 650 |
|
0 |
|a Botany, Economic.
|
| 650 |
|
0 |
|a Plants
|x Social aspects.
|
| 700 |
1 |
|
|a McMahon, Karen.
|
| 852 |
1 |
|
|a Ayesha Abed Library
|c General Shelf.
|
| 942 |
0 |
0 |
|0 1
|
| 999 |
|
|
|c 10832
|d 10832
|
| 952 |
|
|
|0 0
|1 0
|2 ddc
|4 0
|6 580_LEV
|7 0
|9 16473
|a BRACUL
|b BRACUL
|c GEN
|d 2011-05-11
|e TRIM EDUCATION
|g 2650.00
|l 18
|m 116
|o 580 LEV
|p 3010022491
|r 2025-07-10
|s 2025-07-03
|t 1
|w 2011-05-16
|y BK
|
| 952 |
|
|
|0 0
|1 0
|2 ddc
|4 0
|6 580_LEV
|7 0
|9 16474
|a BRACUL
|b BRACUL
|c GEN
|d 2011-05-11
|e TRIM EDUCATION
|g 2650.00
|l 25
|m 124
|o 580 LEV
|p 3010022492
|q 2026-06-02
|r 2026-02-23
|s 2026-02-23
|t 2
|w 2011-05-16
|y BK
|